01194nam a2200265 a 450000100060000000300090000600800410001502000150005604000280007108200180009910000320011724500460014926000330019530000110022849000520023950502380029159000470052965000490057665000380062565000440066365000390070794200120074699900170075895201530077518795CO-ViMGA141112s2004 ck r 000 u spa d a847556190X aCO-ViMGAbspacCO-ViMGA04a398.2098 A2671 aAcosta, Maria, comp.92682010aCuentos y Leyendas de América Latina :  aBarcelona : bOceano, c2002 a247 p. aEl Jardin interior, los mitos del Sol y la Luna aLeyendas del orígen del universo Leyendas de Dioses y hombres Leyendas del sol y de la luna Leyendas de tierra , de agua , de viento y de fuego Leyendas de plantas y animales Leyendas de la conquista Leyendas de espiritus y duendes aForma de adquisición : Premio Mincultura14aCUENTOS INFANTILES - América LATINA92682114aCUENTOS LATINOAméricaNOS91939114aLEYENDAS INDIGENAS - COLECCIONES92682214aLEYENDAS LatinoaméricanaS912659 2ddccBK c28024d28024 00102ddc40708003aMEVIECARbMEVIECARd2015-12-04hVolumen. 1 | 11/jun/2009l0o398.2098 A267 p18795r2015-12-04 00:00:00tEj. 1w2015-12-04yBK